Steady-state mode analysis of Tomsk energy system "Vostochnaya" substation; Лингвистические и культурологические традиции и инновации

Podrobná bibliografie
Parent link:Лингвистические и культурологические традиции и инновации.— 2014.— [С. 150-154]
Hlavní autor: Ageev N.
Korporativní autor: Национальный исследовательский Томский политехнический университет (ТПУ) Энергетический институт (ЭНИН) Кафедра электроэнергетических систем (ЭЭС)
Další autoři: Kosmynina N. M. Nina Mikhailovna
Shrnutí:Заглавие с титульного экрана
Jazyk:angličtina
Vydáno: 2014
Edice:Прикладная лингвистика: разработка концепции научно-образовательного комплекса "Интеллектуальные энергосистемы (Smart Grid)"
Témata:
On-line přístup:http://earchive.tpu.ru/handle/11683/20688
http://www.lib.tpu.ru/fulltext/c/2014/C85/V1/036.pdf
Médium: MixedMaterials Elektronický zdroj Kapitola
KOHA link:https://koha.lib.tpu.ru/cgi-bin/koha/opac-detail.pl?biblionumber=611659

MARC

LEADER 00000naa2a2200000 4500
001 611659
005 20240220093346.0
035 |a (RuTPU)RU\TPU\conf\9471 
035 |a RU\TPU\conf\9470 
090 |a 611659 
100 |a 20150408d2014 k y0rusy50 ba 
101 0 |a eng 
102 |a RU 
105 |a y z 101zy 
135 |a drcn ---uucaa 
181 0 |a i  
182 0 |a b 
200 1 |a Steady-state mode analysis of Tomsk energy system "Vostochnaya" substation  |f N. Ageev, N. M. Kosmynina 
203 |a Текст  |c электронный 
225 1 |a Прикладная лингвистика: разработка концепции научно-образовательного комплекса "Интеллектуальные энергосистемы (Smart Grid)" 
300 |a Заглавие с титульного экрана 
320 |a [Библиогр.: с. 154 (5 назв.)] 
337 |a Adobe Reader 
463 0 |0 (RuTPU)RU\TPU\conf\9447  |t Лингвистические и культурологические традиции и инновации  |o сборник материаов XIV Международной научно-практической конференции, Томск, 12-15 ноября 2014 г.  |f Национальный исследовательский Томский политехнический университет (ТПУ) ; ред. кол. Ю. В. Кобенко [и др.]  |v [С. 150-154]  |d 2014 
610 1 |a труды учёных ТПУ 
610 1 |a электронный ресурс 
610 1 |a стационарные режимы 
610 1 |a энергетические системы 
610 1 |a программное обеспечение 
610 1 |a подстанции 
610 1 |a трансформаторы 
700 1 |a Ageev  |b N. 
701 1 |a Kosmynina  |b N. M.  |c Specialist in the field of electric power engineering  |c Associate Professor of Tomsk Polytechnic University, Candidate of technical sciences  |f 1953-  |g Nina Mikhailovna  |3 (RuTPU)RU\TPU\pers\32001  |9 16061 
712 0 2 |a Национальный исследовательский Томский политехнический университет (ТПУ)  |b Энергетический институт (ЭНИН)  |b Кафедра электроэнергетических систем (ЭЭС)  |3 (RuTPU)RU\TPU\col\18675 
801 2 |a RU  |b 63413507  |c 20220228  |g RCR 
856 4 |u http://earchive.tpu.ru/handle/11683/20688 
856 4 |u http://www.lib.tpu.ru/fulltext/c/2014/C85/V1/036.pdf 
942 |c BK